• 首页
  • 本馆介绍
  • 公告通知
  • 最新文献
  • 馆藏检索
  • 电子资源
  • 读者导购
  • 参考咨询
  • 我的图书馆
  • 登录
  • 详细信息显示
  • 放入我的书架
  • 预约/预借图书
  • 作者相关作品
  • 分类相关作品
  • 丛书相关作品
  • 出版社相关作品

书目信息

  • 表格格式
  • 工作单格式
  • 卡片格式
题名:
四部备要书目提要
    
 
作者: 中华书局 翻印
分册: 第三册   子部
出版信息: 上海   中华书局  1936
页数: 全一册
开本: 19cm
丛书名:
单 册:
中图分类: Z226
科图分类:
主题词: 百科全书--中国
电子资源:
ISBN:
000 00726nam0 2200229 450
001 0635397499
005 20061023095717.67
010    @b线装@dCNY2.50(全套)
100    @a20061023d1936 km y0chiy0120 ea
101 0  @achi
102    @aCN@b310000
102    @aCN@b110000
200 1  @a四部备要书目提要@h第三册@i子部@Asi bu bei yao shu mu ti yao@f中华书局翻印@Fzhong hua shu ju fan yin
210    @a上海@c中华书局@d1936
215    @a全一册@d19cm
300    @a全四册,实价国币一元八角,邮运汇费另加,民国二十五年六月上海中华书局编印,有著作权不许翻印
517 1  @a子部@Azi bu
606 0  @a百科全书@x中国
690    @aZ226@v3
701  0 @a中华书局@Azhong hua shu ju@4翻印
801  0 @aCN@bPFT@c20061023
905    @a10447@dZ226@e5:3
    
    四部备要书目提要.第三册.子部/中华书局翻印.-上海:中华书局,1936
    全一册;19cm
    全四册,实价国币一元八角,邮运汇费另加,民国二十五年六月上海中华书局编印,有著作权不许翻印
    
    ISBN (线装):CNY2.50(全套)
    
●
相关链接 在E读中查询图书 在五车中查询图书 在当当中查询图书 在豆瓣中查询图书


正题名:四部备要书目提要     索取号:Z226/5:3         预约/预借

序号 登录号 条形码 馆藏地/架位号 状态 备注
1 0015741   001551804   古籍典藏专区/ [索取号:Z226/5:3] 在馆    
唐山师范学院图书馆 欢迎您!
大连网信软件有限公司© 版权所有